| 000 | 01115nam a22002417a 4500 | ||
|---|---|---|---|
| 005 | 20170818142051.0 | ||
| 008 | 150918b2007 bo |||||r|||| 00| 0 spa d | ||
| 040 |
_aCO-BoIAVH _cCO-BoIAVH |
||
| 041 | 0 | _aspa | |
| 044 | _abo | ||
| 082 | 0 | 4 |
_a551.31 _bB66r |
| 111 | 1 |
_aEvento boliviano de seguimiento a la conferencia regional de Quito, _cLa Paz, Bolivia. _d11 de diciembre de 2006 |
|
| 245 | 1 | 1 | _a"Retroceso de los glaciares y recursos hídricos en Bolivia - de la investigación a la acción" |
| 260 |
_aLa Paz (Bolivia): _bInstituto Boliviano de la Montaña (BIM), _bInternationale Weiterbildung und Entwicklung (InWEnt), _c2007. |
||
| 300 |
_avi, 60 páginas : _btablas, gráficas e ilustraciones ; _c24 cm |
||
| 500 | _aIncluye anexos. | ||
| 650 | 6 |
_aCambios climáticos _vCongresos, conferencias, etc. |
|
| 650 | 6 |
_aConservación de recursos hídricos _v Congresos, conferencias, etc. |
|
| 650 | 4 |
_aRetroceso de glaciares _vCongresos, conferencias, etc. |
|
| 650 | 6 |
_aCambio climático _xefectos |
|
| 650 | 4 |
_aCambio climático _xadaptación |
|
| 942 |
_2ddc _cLIBRO |
||
| 999 |
_c17785 _d17785 |
||